Jak se to řekne německy

Salvato in:
Dettagli Bibliografici
Natura: Libro
Lingua:ceco
Pubblicazione: Praha Státní pedagogické nakladatelství 1984
Edizione:3. vyd.
Serie:Střední slovníky jednostranné
Tags: Aggiungi Tag
Nessun Tag, puoi essere il primo ad aggiungerne!!

MARC

LEADER 00000nam a2200000 4500
001 c108582
005 20260128072719.3
041 0 |a cze 
044 |a CZ 
245 1 0 |a Jak se to řekne německy  |c Ludmila Schönová 
250 |a 3. vyd. 
264 1 |a Praha  |b Státní pedagogické nakladatelství  |c 1984 
300 |a 1035 s. 
490 1 |a Střední slovníky jednostranné 
830 0 |a Střední slovníky jednostranné